000 006290000a22001810004500
003 MACL
005 20160526125305.0
008 160526b xxu||||| |||| 00| 0 eng d
040 _aMACL
_cMACL
041 _aHindi
082 _a891.433 CHA
100 _aचटटोपाध्‍याय, शरत़चन्‍द्र
_939988
245 _aश्रीकान्‍त
_cशररत़चन्‍द्र चटटोपाध्‍याय
260 _bगौरव प्रकाशन
_c2007
_aनई दिल्‍ली
350 _a300
650 _aNovel
_959709
942 _cHIN
_k891.433/CHA/N
_2ddc
999 _c22535
_d22535